Sports Quiz

Random Sports or Europe Quiz

Every XI to win a European final for Man United Quiz Stats

 Plays Quiz not verified by Sporcle

Support Sporcle.
Go Orange.
Score 0/55 Timer 10:00
2 Plays Today
Final Player % Correct
Champions League 1999Ryan Giggs
95.7%
Champions League 2008Cristiano Ronaldo
95%
Champions League 2008Wayne Rooney
94.1%
Champions League 2008Nemanja Vidic
93.8%
Champions League 2008Edwin van der Sar
93.8%
Champions League 2008Rio Ferdinand
93.6%
Champions League 1999Gary Neville
93%
Champions League 2008Paul Scholes
92.9%
Champions League 2008Patrice Evra
92.2%
Champions League 1999Dwight Yorke
90.9%
Champions League 1999Peter Schmeichel
90.8%
Champions League 2008Carlos Tevez
90.7%
Champions League 1999Andy Cole
90.2%
Champions League 1999David Beckham
89.7%
Europa League 2017Antonio Valencia
89.5%
Europa League 2017Paul Pogba
88%
Europa League 2017Juan Mata
87.5%
Champions League 1999Jaap Stam
87.1%
Europa League 2017Marcus Rashford
85.9%
Champions League 2008Michael Carrick
84.9%
European Cup Winners' Cup 1991Denis Irwin
83%
Champions League 1999Denis Irwin
83%
Europa League 2017Marouane Fellaini
82.9%
Europa League 2017Sergio Romero
82.8%
Europa League 2017Daley Blind
80.6%
Europa League 2017Chris Smalling
80.3%
European Cup final 1968Bobby Charlton
79.7%
European Cup final 1968George Best
78.7%
Final Player % Correct
Champions League 1999Nicky Butt
78.7%
Europa League 2017Ander Herrera
75.2%
Champions League 2008Wes Brown
74.6%
Europa League 2017Matteo Darmian
73.7%
Europa League 2017Henrikh Mkhitaryan
72.6%
European Cup Winners' Cup 1991Mark Hughes
70.3%
European Cup Winners' Cup 1991Steve Bruce
68.1%
Champions League 1999Ronny Johnsen
64.1%
European Cup Winners' Cup 1991Gary Pallister
59.8%
Champions League 2008Owen Hargreaves
58.6%
Champions League 1999Jesper Blomqvist
58.5%
European Cup Winners' Cup 1991Bryan Robson
55.6%
European Cup Winners' Cup 1991Paul Ince
50.9%
European Cup Winners' Cup 1991Brian McClair
45.5%
European Cup Winners' Cup 1991Lee Sharpe
41.6%
European Cup final 1968Nobby Stiles
33.9%
European Cup final 1968Alex Stepney
24.2%
European Cup Winners' Cup 1991Clayton Blackmore
23.7%
European Cup Winners' Cup 1991Les Sealey
22.9%
European Cup final 1968Brian Kidd
22.5%
European Cup Winners' Cup 1991Mike Phelan
16.2%
European Cup final 1968Pat Crerand
15%
European Cup final 1968Bill Foulkes
11.4%
European Cup final 1968Tony Dunne
11.2%
European Cup final 1968John Aston
7.8%
European Cup final 1968Shay Brennan
7.6%
European Cup final 1968David Sadler
6.9%

You're not logged in!

Compare scores with friends on all Sporcle quizzes.
OR
Log In

From the Vault

The Sporcle Zoo X: Unusual Names

by beforever

It's good to be a bit unusual.
Remove Ads.
Support Sporcle.
Get the best of Sporcle when you Go Orange. This ad-free experience offers more features, more stats, and more fun while also helping to support Sporcle. Thank you for becoming a member.

Show Comments

Extras

Top Quizzes Today


Score Distribution

Your Account Isn't Verified!

In order to create a playlist on Sporcle, you need to verify the email address you used during registration. Go to your Sporcle Settings to finish the process.

Report this User

Report this user for behavior that violates our Community Guidelines.

Details: